000 00584nam a22002417a 4500
001 72528
003 UA-OsUOA
005 20211024220438.0
007 ta
008 20110121b un ||||| |||| 00| 0 ukr d
020 _a978-5-9533-4386-2
040 _aUA-OsUOA
_brus
_cUA-OsUOA
_dUA-OsUOA
041 _arus
080 _a94(470+571)
090 _a94(470+571)
_bН53
100 _aНепомнящий Н. Н.
245 _aРусская Индия
260 _aМ.
_bВече
_c2010
300 _a352 с.
650 7 _a94 Історія
_2UDC
942 _cBK
_2udc
955 _a2
999 _c358814
_d358814